| 000 | 00397nam a2200145Ia 4500 | ||
|---|---|---|---|
| 008 | 230917s9999||||xx |||||||||||||| ||und|| | ||
| 040 |
_e166928 _aMAIN |
||
| 041 | _aEnglish | ||
| 082 | _a891.432741 TH739P | ||
| 100 | _aत्रिवेदी, हरिहर | ||
| 245 | 0 | _aपुन जागरण | |
| 260 |
_aदिल्ली _bआशा _c1982 |
||
| 300 | _a112 पृ. p. | ||
| 942 | _cHN | ||
| 999 |
_c38634 _d38634 |
||